| 000 | 00970nam a22002537a 4500 | ||
|---|---|---|---|
| 999 |
_c65917 _d65917 |
||
| 005 | 20240530110849.0 | ||
| 008 | 200912s2020 ua a f b 000 0dara d | ||
| 017 |
_a2019/23992 _bمصر. دار الكتب |
||
| 020 | _a9789777801997 | ||
| 040 |
_aEG-CaGPL _cEG-CaGPL |
||
| 082 | 0 | 4 |
_221 _a418\ _bص ل |
| 100 | 0 | _aصفوت على صلاح | |
| 245 | 1 | 0 |
_aلسانيات المدونة وتطبيقاتها البحثية على اللغة العربية فى ضوء مدرسة الفيرثيبن الجدد / _cصفوت على صلاح |
| 250 | _aط.1 | ||
| 260 |
_aالقاهرة : _bعالم الكتب، _c2020 |
||
| 300 |
_a179 ص. ؛ _c24 سم. |
||
| 504 | _aيشتمل على ارجاعات ببليوجرافية | ||
| 650 | 0 | 7 |
_aاللغة العربية _2qrmak |
| 650 | 0 | 7 | _aمدرسة الفيرثيين الجدد |
| 650 | 0 | 7 |
_aالمدونات _2qrmak |
| 651 | _2qrmak | ||
| 942 |
_2ddc _cBK |
||